Digital telephony (Record no. 3592)

000 -LEADER
fixed length control field 00571nam a2200217 a 4500
001 - CONTROL NUMBER
control field 3592
003 - CONTROL NUMBER IDENTIFIER
control field BD-DhUET
008 - FIXED-LENGTH DATA ELEMENTS--GENERAL INFORMATION
fixed length control field 900501s1991 nyua b 001 0 eng
020 ## - INTERNATIONAL STANDARD BOOK NUMBER
International Standard Book Number 0471620564
040 ## - CATALOGING SOURCE
Original cataloging agency DLC
Transcribing agency DLC
Modifying agency BD-DhUET
082 ## - DEWEY DECIMAL CLASSIFICATION NUMBER
Classification number 623.85
Item number BEL/1991
100 ## - MAIN ENTRY--PERSONAL NAME
Personal name Bellamy, John
245 10 - TITLE STATEMENT
Title Digital telephony
250 ## - EDITION STATEMENT
Edition statement 2nd ed.
260 ## - PUBLICATION, DISTRIBUTION, ETC. (IMPRINT)
Place of publication, distribution, etc. New York
Name of publisher, distributor, etc. John wiley & sons
Date of publication, distribution, etc. 1991
300 ## - PHYSICAL DESCRIPTION
Extent xix, 572 p.
Other physical details ill.
Dimensions 25 cm.
490 ## - SERIES STATEMENT
Series statement Wiley Series in telecommunications
504 ## - BIBLIOGRAPHY, ETC. NOTE
Bibliography, etc Includes bibliographies
650 #0 - SUBJECT ADDED ENTRY--TOPICAL TERM
Topical term or geographic name as entry element Digital telephony
942 ## - ADDED ENTRY ELEMENTS (KOHA)
Koha item type General Book
Holdings
Price effective from Sublocation or collection (holding branch) Koha item type Koha date last borrowed Copy number Withdrawn status Koha issues (times borrowed) Location (home branch) Lost status Damaged status Source of classification or shelving scheme Piece designation (barcode) Date acquired Koha full call number Shelving location Not for loan Koha date last seen Koha normalized classification for sorting
2014-11-02Central Library, BUETGeneral Book2015-10-101 2Central Library, BUET   836182014-11-02623.85/BEL/1991Circulation section 2016-02-06623_000000000000000_85BEL1991
2014-11-02Central Library, BUETGeneral Book 2  Central Library, BUET   836202014-11-02623.85/BEL/1991Circulation section 2017-08-26623_000000000000000_85BEL1991
2014-11-02Central Library, BUETGeneral Book 3  Central Library, BUET   836232014-11-02623.85/BEL/1991Circulation section 2017-08-16623_000000000000000_85BEL1991
2014-11-02Central Library, BUETGeneral Book2023-03-074 2Central Library, BUET   863392014-11-02623.85/BEL/1991Circulation section 2024-02-20623_850000000000000_BEL_1991
2015-07-01Central Library, BUETReading Item 5  Central Library, BUET   875942015-07-01623.85/BEL/1991Reading section 2015-07-01623_850000000000000_BEL_1991
2024-12-09Central Library, BUETRental Item ক-১  Central Library, BUET   835631992-06-06623.85 BEL/1991Rental section 2024-12-09623_850000000000000_BEL_1991
2024-12-09Central Library, BUETRental Item ক-২  Central Library, BUET   835641992-06-06623.85 BEL/1991Rental section 2024-12-09623_850000000000000_BEL_1991
2024-12-09Central Library, BUETRental Item ক-৩  Central Library, BUET   835651992-06-06623.85 BEL/1991Rental section 2024-12-09623_850000000000000_BEL_1991
2024-12-09Central Library, BUETRental Item ক-৪  Central Library, BUET   835661992-06-06623.85 BEL/1991Rental section 2024-12-09623_850000000000000_BEL_1991
2024-12-09Central Library, BUETRental Item ক-৫  Central Library, BUET   835671992-06-06623.85 BEL/1991Rental section 2024-12-09623_850000000000000_BEL_1991
2024-12-09Central Library, BUETRental Item ক-৬  Central Library, BUET   835681992-06-06623.85 BEL/1991Rental section 2024-12-09623_850000000000000_BEL_1991
2024-12-09Central Library, BUETRental Item ক-৭  Central Library, BUET   835691992-06-06623.85 BEL/1991Rental section 2024-12-09623_850000000000000_BEL_1991
2024-12-09Central Library, BUETRental Item ক-৮  Central Library, BUET   835701992-06-06623.85 BEL/1991Rental section 2024-12-09623_850000000000000_BEL_1991
2024-12-09Central Library, BUETRental Item ক-৯  Central Library, BUET   835711992-06-06623.85 BEL/1991Rental section 2024-12-09623_850000000000000_BEL_1991
2024-12-09Central Library, BUETRental Item ক-১০  Central Library, BUET   835721992-06-06623.85 BEL/1991Rental section 2024-12-09623_850000000000000_BEL_1991
2024-12-09Central Library, BUETRental Item ক-১১  Central Library, BUET   835731992-06-06623.85 BEL/1991Rental section 2024-12-09623_850000000000000_BEL_1991
2024-12-09Central Library, BUETRental Item ক-১২  Central Library, BUET   835741992-06-06623.85 BEL/1991Rental section 2024-12-09623_850000000000000_BEL_1991
2024-12-09Central Library, BUETRental Item ক-১৩  Central Library, BUET   835751992-06-06623.85 BEL/1991Rental section 2024-12-09623_850000000000000_BEL_1991
2024-12-09Central Library, BUETRental Item ক-১৪  Central Library, BUET   835761992-06-06623.85 BEL/1991Rental section 2024-12-09623_850000000000000_BEL_1991
2024-12-09Central Library, BUETRental Item ক-১৫  Central Library, BUET   835771992-06-06623.85 BEL/1991Rental section 2024-12-09623_850000000000000_BEL_1991